ბათუმის შოთა რუსთაველის სახელმწიფო უნივერსიტეტის ბიბლიოთეკა

რჩეული თხზულებანი (ბიბ.ჩანაწერი № 44584)

000 -LEADER
fixed length control field 00615nam a2200181Ia 4500
001 - CONTROL NUMBER
control field 11387
003 - CONTROL NUMBER IDENTIFIER
control field GE_BSU
008 - FIXED-LENGTH DATA ELEMENTS--GENERAL INFORMATION
fixed length control field 181216s||||||||xx |||||||||||||| ||und||
040 ## - CATALOGING SOURCE
Transcribing agency GE_BSU
080 ## - UNIVERSAL DECIMAL CLASSIFICATION NUMBER
Universal Decimal Classification number 63
100 ## - MAIN ENTRY--PERSONAL NAME
Personal name მიჩურინი ივანე ვლადიმერის ძე,
245 ## - TITLE STATEMENT
Title რჩეული თხზულებანი
245 ## - TITLE STATEMENT
Statement of responsibility, etc. რედ: ფ. მამფორია თარგმ. დ. აგლაძე
300 ## - PHYSICAL DESCRIPTION
Extent 849გვ.24სმ.
300 ## - PHYSICAL DESCRIPTION
Accompanying material 1ფ. პორტრ. ილ.
653 ## - INDEX TERM--UNCONTROLLED
Uncontrolled term რჩეული თხზულებანი
942 ## - ADDED ENTRY ELEMENTS (KOHA)
Koha item type წიგნი
ეგზემპლარები
Withdrawn status Lost status Damaged status Not for loan Date acquired Barcode Date last seen Price effective from Koha item type
        2018-12-17 19686 2018-12-17 2018-12-17 წიგნი
        2018-12-17 19687 2018-12-17 2018-12-17 წიგნი
        2018-12-17 19688 2018-12-17 2018-12-17 წიგნი